000 00679nam a2200205Ii 4500
003 JO-AjNU
008 230606s9999||||xx |||||||||||||| ||und||
020 _a0-521-211-46-8/0-521-22133-1/0-521-22066-1
040 _aJO-AjNU
_beng
_erda
_cJO-AjNU
041 _aeng
050 1 4 _aPE1065.S92 1991
100 3 _aSwan,Michael تأليف,
_eauthor
_92753
245 0 0 _aUnderstanding Ideas Advanced reading skills
264 3 1 _aNew York:Cambridge University Press,1991
300 _a97p
336 _atext
_btxt
_2rdacontent
337 _aunmediated
_bn
_2rdamedia
338 _avolume
_bnc
_2rdacarrier
650 4 _aUnderstanding Ideas Advanced reading skills-reading skills
_92754
999 _aE1441
_c1441
_d1441